| 000 | 01237nam0a2200361 4500 | ||
|---|---|---|---|
| 001 | RU\NLR\BIBL_A\022657162 | ||
| 005 | 20260114150704.0 | ||
| 010 |
_a978-5-699-91002-1 _92000 |
||
| 021 |
_aRU _bКН-П-25-055910 _9КН-П-25-5400 |
||
| 035 | _a(NLR Aleph) 022657162 | ||
| 090 |
_a13514369 _c13514369 |
||
| 100 | _a20251030d2025 u y0rusy50 ca | ||
| 101 | 0 | _arus | |
| 102 | _aRU | ||
| 105 | _ay|||z|||000ay | ||
| 181 | 0 |
_ai4 _baxxe |
|
| 182 | 0 | _an | |
| 200 | 1 |
_aКаждый за себя _e[роман] _fАлександра Маринина |
|
| 203 |
_aТекст _bвизуальный _cнепосредственный |
||
| 210 |
_aМосква _cЭксмо _d2025 |
||
| 215 |
_a509, [1] с. _d17 |
||
| 225 | 1 | _aМеньше, чем спец. цена | |
| 225 | 1 | _aСпец. цена | |
| 300 | _aВ cop. авт.: Алексеева М. А. | ||
| 320 | _aДр. произведения авт. на 2-й с. | ||
| 333 | _a16+ | ||
| 686 | 2 | _aШ6(2=Р)75-446 | |
| 700 | 1 |
_aМаринина _bА. Б. _f1957- _gАлександра Борисовна _3RU\NLR\AUTH\77515 |
|
| 942 | _cBOOK | ||
| 980 | _aNB | ||